Les carreaux de Faïence peints dans l'Afrique du Nord / (Record no. 36510)

MARC details
000 -LEADER
campo de control de longitud fija 00780nam a2200205 i 4500
001 - NÚMERO DE CONTROL
campo de control 36510
003 - IDENTIFICADOR DE NÚMERO DE CONTROL
campo de control ES-MaACL
005 - FECHA Y HORA DE LA ÚLTIMA TRANSACCIÓN
campo de control 20230906155402.0
007 - CAMPO FIJO DE DESCRIPCIÓN FÍSICA--INFORMACIÓN GENERAL
campo de control de longitud fija t|
008 - DATOS DE LONGITUD FIJA--INFORMACIÓN GENERAL
campo de control de longitud fija 030218s1930 fr ||||1| fre d
100 1# - ENTRADA PRINCIPAL--NOMBRE DE PERSONA
Nombre de persona Broussaud, A.
9 (RLIN) 31964
245 14 - MENCIÓN DEL TÍTULO
Título Les carreaux de Faïence peints dans l'Afrique du Nord /
Mención de responsabilidad, etc. par le General A. Broussaud.
260 ## - PUBLICACIÓN, DISTRIBUCIÓN, ETC.
Lugar de publicación, distribución, etc. Paris :
Nombre del editor, distribuidor, etc. Librairie Plon,
Fecha de publicación, distribución, etc. 1930 (
Fabricante D. Jacomet)
300 ## - DESCRIPCIÓN FÍSICA
Extensión 17 p., 38 h. de lám. col. y n. ;
Dimensiones 32 cm.
490 1# - MENCIÓN DE SERIE
Mención de serie 1830-1930. Collection du centenaire de l'Algérie. Archéologie et histoire
650 #4 - PUNTO DE ACCESO ADICIONAL DE MATERIA--TÉRMINO DE MATERIA
Término de materia o nombre geográfico como elemento de entrada Azulejos-
Subdivisión geográfica África septentrional.
9 (RLIN) 158642
830 0# - PUNTO DE ACCESO ADICIONAL DE SERIE-TÍTULO UNIFORME
Título uniforme 1830-1930. Collection du centenaire de l'Algérie. Archéologie et histoire
9 (RLIN) 229593
852 ## - LOCALIZACIÓN
Ubicación ES-MaACL
Número de control de estantería F-15981
Sublocalización o colección R.20518
Holdings
Estatus retirado Estado de pérdida Estado de daño No para préstamo Biblioteca de origen Biblioteca actual Ubicación en estantería Fecha de adquisición Fuente de adquisición Total de préstamos Signatura topográfica completa Código de barras Visto por última vez Precio de reemplazo Tipo de ítem Koha
        Biblioteca del Ateneo de Madrid Biblioteca del Ateneo de Madrid Sala Pecera Planta 2 17/01/2008     F-15981 1038357 23/02/2023 23/02/2023 Libro impreso